000 01081nac a22003017a 4500
001 BR9404159
003 BR-BrBNA
005 20240105121525.0
008 230509b bl.|||m| |||| 00| 0 por d
040 _aBR-BrBNA
_bpor
_cBiblioteca Nacional de Agricultura
072 _aE14
090 _aE14 BR9404159
100 1 _aFlores, M.X.
100 1 _aQuirino, T.R.
100 1 _aNascimento, J.C.
100 1 _aRodrigues, G.S.
100 1 _aBuschinelli, C.
110 1 _aEmpresa Brasileira de Pesquisa Agropecuaria, Brasilia, DF (Brasil). Secretaria de Administracao Estrategica
_93863
245 1 _aPesquisa para agricultura auto-sustentavel: perspectivas de politica e organizacao na EMBRAPA
260 3 _aBrasilia, DF (Brasil):
_c1991.
300 _a28 p.
490 _aDocumentos - Empresa Brasileira de Pesquisa Agropecuaria. Secretaria de Administracao Estrategica (Brazil)
_vno. 5
_x
650 _aPolitica Agricola
650 _aTecnologia Agricola
650 _aAdocao de Inovacoes
909 _a202312
_bLúcia Elande
_c55
_dLúcia Elande
942 _2AGRIS
_n0
_cMS
999 _c285793
_d285793